000 00550nam a2200205Ia 4500
003 OSt
005 20221007112304.0
006 a|||||r|||| 00| 0
007 ta
008 221006b |||||||| |||| 00| 0 eng d
024 _a26,061
037 _cBound Volume
040 _aLCO
_cLCO
_beng
041 _2eng
_aeng
245 0 _aSOCIAL DEFENCE
260 _aIndia
_bnational institute of social defence department of social welefare gov.
_c1977
490 _v15 (1979- 80)
942 _cCR
999 _c1195624
_d1195624